| 000 | 00370nam a2200169Ia 4500 | ||
|---|---|---|---|
| 100 | _aBAFTISTA/O.A. | ||
| 650 | _aPHILOPSOPHY | ||
| 942 | _cBK | ||
| 366 | _f25 | ||
| 654 | _aINFLUENCE PEOPLE | ||
| 245 | _aPOWER TO INFLUENCE PEOPLE. | ||
| 260 |
_bBETTER YOURSELF BOOK _aBandra _c1959 |
||
| 082 |
_a170/BAF _bBAF |
||
| 300 | _a185 | ||
| 546 | _aENGLISH | ||
| 999 |
_c18255 _d18255 |
||